000 00532nam a2200181Ia 4500
005 20250326143131.0
008 250326s9999 xx 000 0 und d
037 _aTextbook
040 _aFMSL
_beng
_cFMSL
041 _aeng
_2eng
084 _aX:97D M12
_qFMSL
100 _aPoole M
_9128321
245 0 _aTheroies of trade unionism: sociology of industrial relations
_cPoole M
260 _aLondon
_bLondon, Routledge & Kegan Paul
_c1981
300 _a264p
942 _cTB
_hX:97D M12
999 _c1298249
_d1298249